Number One Hits of 2015 - Statistics

General Stats
  • This quiz has been taken 134 times
  • The average score is 7 of 9
Answer Stats
Artist Song % Correct
Wiz Khalifa ft. Charlie Puth See You Again
93%
Mark Ronson ft. Bruno Mars Uptown Funk
91%
Adele Hello
89%
OMI Cheerleader
85%
Taylor Swift ft. Kendrick Lamar Bad Blood
76%
Taylor Swift Blank Space
61%
The Weeknd The Hills
60%
The Weeknd Can't Feel My Face
57%
Justin Bieber What Do You Mean?
50%
No matching quizzes found
Score Distribution
Percent of People with Each Score
Percentile by Number Answered
Your Score History
You have not taken this quiz